00734nam a22002057a 4500003000500000005001700005008004100022010001000063011001000073035001000083040000900093082001800102100003100120245002400151260006000175300001800235505020100253650003500454651003900489CHAP20220329135556.0971013s1951 r 00010 d a38766 a39738 a43863 cCHAP a330.9727bP4500aPeña, Moisés T. de la. aChiapas económico aTuxtla Gutiérrez :bDepto. de Prensa y Turismo,c1951 a4 v.b: ilus. aContenido: v.1 El medio físico. El medio social.- v.2 La propiedad territorial. Comunicaciones. Ganadería. Silvicultura y pesca. v.3 Agricultura.- v.4 Comercio y turismo. Industria y crédito14aChiapasxCondiciones sociales.14aChiapasxCondiciones económicas.